000 00358nam a2200121Ia 4500
008 230907s9999||||xx |||||||||||||| ||und||
082 _a621.31
_bBEA
245 0 _aHandbook of electric power calculations /
260 _aMcGraw-Hill,
_bNoida :
_c2015
300 _a738 p. :
650 _aHandbooks, manuals, etc. Handbooks, manuals, etc.
_9115697
942 _cBK
999 _c600542
_d600542